书目信息 |
| 题名: |
何振梁:五环之路
|
|
| 作者: | 梁丽娟 著 | |
| 分册: | ||
| 出版信息: | 北京 世界知识出版社 2005 |
|
| 页数: | 10,364页 | |
| 开本: | 23cm | |
| 丛书名: | ||
| 单 册: | ||
| 中图分类: | K825.47 | |
| 科图分类: | ||
| 主题词: | 何振梁--生平事迹 | |
| 电子资源: | ||
| ISBN: | 7-5012-2518-4 | |
| 000 | 00842nam0 2200241 450 | |
| 001 | TS2006041015 | |
| 005 | 20061228095113.51 | |
| 010 | @a7-5012-2518-4@dCNY32.00 | |
| 100 | @a20060829d2005 em y0chiy0110 ea | |
| 101 | 0 | @achi |
| 102 | @aCN@b110000 | |
| 105 | @aa z 000zd | |
| 200 | 1 | @a何振梁:五环之路@Ahe zhen liang : wu huan zhi lu@f梁丽娟著@FLiang Li Juan Zhu |
| 210 | @a北京@c世界知识出版社@d2005 | |
| 215 | @a10,364页@c照片@d23cm | |
| 330 | @a本书以回忆录的形式,集中记录了中国奥委会名誉主席、曾任国际奥委会副主席、国家体委副主任何振梁的个人成长和他的体育外交经历。 | |
| 510 | 1 | @aHe Zhenliang and Olympics@zeng |
| 517 | 1 | @a五环之路@Awu huan zhi lu |
| 606 | 0 | @a何振梁@y生平事迹 |
| 690 | @aK825.47@v4 | |
| 701 | 0 | @a梁丽娟@Aliang li juan@c(女,记者)@4著 |
| 801 | 0 | @aCN@b中图数据@c20061228 |
| 905 | @a10447@dK825.47@e509 | |
| 何振梁:五环之路/梁丽娟著.-北京:世界知识出版社,2005 |
| 10,364页:照片;23cm |
| ISBN 7-5012-2518-4:CNY32.00 |
| 本书以回忆录的形式,集中记录了中国奥委会名誉主席、曾任国际奥委会副主席、国家体委副主任何振梁的个人成长和他的体育外交经历。 |
| ● |
| 相关链接 |
|
|
|
|
正题名:何振梁:五环之路
索取号:K825.47/509
 
预约/预借
| 序号 | 登录号 | 条形码 | 馆藏地/架位号 | 状态 | 备注 |
| 1 | 0613811 | 206138115 | 第二样本阅览室/ [索取号:K825.47/509] | 在馆 | |
| 2 | 0613812 | 206138124 | 第二借阅区/ [索取号:K825.47/509] | 在馆 | |
| 3 | 0613813 | 206138133 | 第二借阅区/ [索取号:K825.47/509] | 在馆 | |
| 4 | 0613814 | 206138142 | 第二借阅区/ [索取号:K825.47/509] | 在馆 | |
| 5 | 0613815 | 206138151 | 第二借阅区/ [索取号:K825.47/509] | 在馆 | |
| 6 | 0613816 | 206138160 | 第二借阅区/ [索取号:K825.47/509] | 在馆 |